| 000 | 01356nam0a2200349 4500 | ||
|---|---|---|---|
| 001 | RU\NLR\bibl\431257 | ||
| 005 | 20260405072702.0 | ||
| 010 |
_a5-98124-003-2 _95000 |
||
| 021 |
_aRU _b2003-40140 _91905 |
||
| 021 |
_aRU _b2004-83и _96и |
||
| 035 | _a(NLR Aleph) 001342632 | ||
| 090 |
_a870477 _c870477 |
||
| 100 | _a20030827d2003 |||y0rusy50 ca | ||
| 101 | 1 | _arus | |
| 102 | _aRU | ||
| 105 | _aa ||||||||| | ||
| 200 | 1 |
_aКогда тебе грустно... _eКак поднять себе настроение _e[Фотоальбом _eПер.] _fБредли Тревор Грив |
|
| 210 |
_aМ. _cДобрая кн. _d2003 |
||
| 215 |
_a100,[2] с. _cил. _d16 |
||
| 300 | _aЗагл. и авт. ориг.: The blue day book/Bradley Trevor Greive | ||
| 454 | 0 |
_12001#$aThe blue day book$fBradley Trevor Greive$zeng _tThe blue day book |
|
| 600 | 1 |
_aГрив _bБ. Т. _gБредли Тревор _jАльбомы _92306520 _3RU\NLR\auth\661380625 |
|
| 606 | 0 |
_aЖивотные _jФотоальбомы _91163614 _3RU\NLR\auth\66148196 |
|
| 686 | _aЕ6я6 | ||
| 686 | _aЩ163(82)6-8Грив | ||
| 700 | 1 |
_4070 _8rus _7ca _aГрив _bБ.Т. _f1970- _gБредли Тревор _3RU\NLR\auth\7719466 _92538 |
|
| 801 | 0 |
_aRU _bNLR _c20030827 _gPSBO |
|
| 801 | 1 |
_aRU _bNLR _c20030827 |
|
| 852 |
_aNLR _bЭ |
||
| 942 | _cBOOK | ||
| 980 | _aNB | ||